| 000 | 00477nam a2200169Ia 4500 | ||
|---|---|---|---|
| 003 | LK-CoDNM | ||
| 005 | 20240823120835.0 | ||
| 008 | 010623t1789 xxu||||| |||| 00| 1 eng d | ||
| 040 |
_aLK-CoDNM _dLK-CoDNM _eLK-CoDNM |
||
| 041 | _aeng | ||
| 080 |
_a7 _bJ24 |
||
| 245 | _aThe new Asiatic Miscellany : Consisting original esays translations Fungitive Pieces | ||
| 260 |
_bJoseph Cooper _aCalcutta _c1789 |
||
| 300 | _b260P. : 24 cm | ||
| 650 | _aHymn to Lacshmi | ||
| 942 | _cBK | ||
| 999 |
_c80837 _d80837 |
||